000 00547nam a2200205Ia 4500
003 OSt
005 20220926044705.0
006 a|||||r|||| 00| 0
007 ta
008 220923b |||||||| |||| 00| 0 eng d
037 _cGeneral Book
040 _aRTL
_cRTL
_beng
041 _2eng
_aeng
082 _aX9J::252:N1, E3/GD
100 _aMoreland W H
245 0 _aNotes on the agricultural conditions and problems
260 _c1913
942 _hX9J::252:N1, E3/GD
_cGB
_2CC
999 _c675537
_d675537